| 000 -LEADER |
| fixed length control field |
00820nam a22001457a 4500 |
| 008 - FIXED-LENGTH DATA ELEMENTS--GENERAL INFORMATION |
| fixed length control field |
230905b ||||| |||| 00| 0 eng d |
| 100 ## - MAIN ENTRY--PERSONAL NAME |
| Personal name |
Mishra, Shaliesh Kumar and Tiwari, Dheeraj Kumar |
| 245 ## - TITLE STATEMENT |
| Title |
Sweet revolution a boom in honey production |
| 260 ## - PUBLICATION, DISTRIBUTION, ETC. (IMPRINT) |
| Place of publication, distribution, etc |
Yojana (Special issue) |
| 300 ## - PHYSICAL DESCRIPTION |
| Extent |
67(8), Aug, 2023: p.59-62 |
| 520 ## - SUMMARY, ETC. |
| Summary, etc |
Sweet revolution is an initiative of the government of India, which is aimed at promoting apiculture, popularly known as ‘beekeeping’, for accelerating th4e production of quality honey and other related products. Beekeeping is a low-investment and highly-skilled enterprise model, in which technology application has emerged as a great enabler for socio-economic growth. – Reproduced |
| 773 ## - HOST ITEM ENTRY |
| Main entry heading |
Yojana (Special issue) |
| 906 ## - LOCAL DATA ELEMENT F, LDF (RLIN) |
| Subject DIP |
AGRICULTURE |
| 942 ## - ADDED ENTRY ELEMENTS (KOHA) |
| Item type |
Articles |